Statistics for Largest Cities in Ohio

Click here to take the quiz!

General Stats

  • This quiz has been taken 64 times
  • The average score is 9 of 15

Answer Stats

CityPopulation% Correct
Cincinnati298,550
100%
Cleveland388,072
98%
Columbus850,106
98%
Akron197,542
97%
Toledo279,789
90%
Dayton140,599
86%
Youngstown64,628
66%
Canton71,885
64%
Parma79,937
47%
Lorain63,647
33%
Elyria53,775
31%
Hamilton62,407
31%
Springfield59,680
29%
Kettering55,525
19%
Lakewood50,656
17%

Score Distribution

Percentile by Number Answered

Percent of People with Each Score

Your Score History

You have not taken this quiz